การจัดสรรทรัพยากรและการตอบสนองของครอบครัวต่อภาวะเจ็บป่วยด้วยโรคเอดส์ (ระเบียนเลขที่ 28752)
| 000 -LEADER | |
|---|---|
| fixed length control field | 01749nam a22003017a 4500 |
| 005 - DATE AND TIME OF LATEST TRANSACTION | |
| control field | 20210325191531.0 |
| 008 - FIXED-LENGTH DATA ELEMENTS--GENERAL INFORMATION | |
| fixed length control field | s2542 th tha d |
| 020 ## - INTERNATIONAL STANDARD BOOK NUMBER | |
| International Standard Book Number | 9746626957 |
| 041 ## - LANGUAGE CODE | |
| Language code of text/sound track or separate title | tha |
| 090 ## - LOCALLY ASSIGNED LC-TYPE CALL NUMBER (OCLC); LOCAL CALL NUMBER (RLIN) | |
| Classification number (OCLC) (R) ; Classification number, CALL (RLIN) (NR) | ว RA644.A25 ว491ก 2542 |
| 100 0# - MAIN ENTRY--PERSONAL NAME | |
| Personal name | วาสนา อิ่มเอม |
| 245 10 - TITLE STATEMENT | |
| Title | การจัดสรรทรัพยากรและการตอบสนองของครอบครัวต่อภาวะเจ็บป่วยด้วยโรคเอดส์ |
| 246 ## - VARYING FORM OF TITLE | |
| Title proper/short title | Household resources allocation and response towards AIDS-related illnesses |
| 260 3# - PUBLICATION, DISTRIBUTION, ETC. | |
| Place of publication, distribution, etc. | นครปฐม : |
| Name of publisher, distributor, etc. | สถาบันวิจัยประชากรและสังคม มหาวิทยาลัยมหิดล, |
| Date of publication, distribution, etc. | 2542 |
| 300 ## - PHYSICAL DESCRIPTION | |
| Extent | 165 หน้า : |
| Other physical details | ตาราง ; |
| Dimensions | 28 ซม. |
| 650 04 - SUBJECT ADDED ENTRY--TOPICAL TERM | |
| Topical term or geographic name entry element | โรคเกิดจากไวรัส -- แง่เศรษฐกิจ -- วิจัย |
| 650 04 - SUBJECT ADDED ENTRY--TOPICAL TERM | |
| Topical term or geographic name entry element | โรคเอดส์ -- แง่เศรษฐกิจ -- วิจัย |
| 650 04 - SUBJECT ADDED ENTRY--TOPICAL TERM | |
| Topical term or geographic name entry element | โรคเอดส์ -- วิจัย |
| 650 04 - SUBJECT ADDED ENTRY--TOPICAL TERM | |
| Topical term or geographic name entry element | โรคติดต่อทางเพศสัมพันธ์ -- แง่สังคม -- วิจัย |
| 650 04 - SUBJECT ADDED ENTRY--TOPICAL TERM | |
| Topical term or geographic name entry element | โรคเอดส์ -- แง่สังคม -- วิจัย |
| 650 04 - SUBJECT ADDED ENTRY--TOPICAL TERM | |
| Topical term or geographic name entry element | โรคเกิดจากไวรัส -- แง่สังคม -- วิจัย |
| 650 04 - SUBJECT ADDED ENTRY--TOPICAL TERM | |
| Topical term or geographic name entry element | โรคติดต่อทางเพศสัมพันธ์ -- แง่เศรษฐกิจ -- วิจัย |
| 700 0# - ADDED ENTRY--PERSONAL NAME | |
| Personal name | วาสนา อิ่มเอม |
| 850 ## - HOLDING INSTITUTION | |
| Holding institution | NALT |
| 942 ## - ADDED ENTRY ELEMENTS (KOHA) | |
| Koha item type | Research/Thesis |
| 997 ## - | |
| -- | 000000000028752 |
| -- | VC |
| 998 ## - LOCAL CONTROL INFORMATION (RLIN) | |
| -- | NOOPIN |
| Withdrawn status | Lost status | Damaged status | Not for loan | Collection code | Home library | Current library | Total Checkouts | Full call number | Barcode | Date last seen | Copy number | Price effective from | Koha item type |
|---|---|---|---|---|---|---|---|---|---|---|---|---|---|
| Research & Theses collection | National Assembly Library of Thailand | National Assembly Library of Thailand | ว RA644.A25 ว491ก 2542 | 3961129990 | 09/06/2017 | ฉ. 1 | 09/06/2017 | Research/Thesis |
